000 00674nam a22002057a 4500
003 0
005 20250912110834.0
008 250912b xxu||||| |||| 00| 0 eng d
022 _2978-1-77469-958-4
050 _aQA 276.45.R3
_b.N33 2024
100 _aNady, Mohsen,
_eauthor.
245 _aStatistics with R for data visualization volume 1 /
_cMohsen Nady.
260 _aCanada :
_bArcler Press,
_c2024.
300 _axv, 333 pages :
_billustrations ;
_c24 cm.
504 _aIncludes bibliographical references and index.
650 _aR (Computer program language).
650 _aStatistics
_xData processing.
650 _aInformation visualization.
942 _2lcc
_cBK
999 _c367923
_d367923